Case study of the distribution of mucosa-associated bifidobacterium species, lactobacillus species, other lactic acid bacteria in the human colon /
Sparad:
| Övriga upphovsmän: | , , , , , |
|---|---|
| Materialtyp: | Artikel |
| Språk: | English |
| Ämnen: | |
| Taggar: |
Lägg till en tagg
Inga taggar, Lägg till första taggen!
|
| Thư viện lưu trữ: | Thư viện Trường Đại học Đà Lạt |
|---|
| LEADER | 01113nam a2200361 4500 | ||
|---|---|---|---|
| 001 | DLU090092946 | ||
| 005 | ##20091201 | ||
| 040 | # | # | |a DLU |b eng |
| 041 | # | # | |a eng |
| 044 | # | # | |a us |
| 245 | # | # | |a Case study of the distribution of mucosa-associated bifidobacterium species, lactobacillus species, other lactic acid bacteria in the human colon / |c D. S. Nielsen ... [et al.]. |
| 653 | # | # | |a Bacteria |
| 653 | # | # | |a Bifidobacterium |
| 653 | # | # | |a Lactic acids |
| 653 | # | # | |a Lactobacillaceae |
| 653 | # | # | |a Lactobacillus |
| 653 | # | # | |a Mucosa |
| 700 | # | # | |a Jakobsen, M. |
| 700 | # | # | |a Michaelsen, K. F. |
| 700 | # | # | |a Moller, P. L. |
| 700 | # | # | |a Nielsen, D. S. |
| 700 | # | # | |a Paerregaard, A. |
| 700 | # | # | |a Rosenfeldt, V. |
| 773 | # | # | |t Applied and Environmental Microbiology |g Vol. 69, no. 12 (December 2003), p. 7545-7548 |
| 920 | # | # | |a Phòng Tạp chí -- Trung tâm Thông tin - Thư viện Trường Đại học Đà Lạt |
| 994 | # | # | |a DLU |
| 900 | # | # | |a True |
| 911 | # | # | |a Trương Bảo Trâm Anh |
| 925 | # | # | |a G |
| 926 | # | # | |a A |
| 927 | # | # | |a BB |
| 980 | # | # | |a Thư viện Trường Đại học Đà Lạt |